E Deus pegou-me pela cintura (Registo nº 201420)
[ vista simples ]
| 000 -Etiqueta do registo | |
|---|---|
| Valores | 00704nam 22002173 4500 |
| 010 ## - Número ISBN | |
| ISBN | 978-989-8014-35-1 |
| 021 ## - Número do Depósito Legal | |
| Código do país | Portugal |
| Número | 252542/07 |
| 100 ## - Dados gerais de processamento | |
| Dados gerais | 20231023d u||y0pory50 ba |
| 200 ## - Titulo e menção de responsabilidade | |
| Título próprio | E Deus pegou-me pela cintura |
| Primeira menção de responsabilidade | Luís Carmelo |
| 210 ## - Publicação | |
| Local de publicação | Lisboa |
| Nome do editor | Guerra & Paz |
| Data de publicação | D.L. 2007 |
| 215 ## - Descrição física | |
| Paginação / Volumes | 192, [3] p. |
| Outras indicações físicas | brochado |
| Dimensões | 23 cm |
| 225 ## - Colecção | |
| Título próprio da colecção | Tempos modernos |
| 300 ## - Notas gerais | |
| Texto da nota | . - contém dedicatória do autor e notas do Prof. Dr. Almeida Faria em várias páginas do livro |
| 606 ## - Nome comum usado como assunto | |
| Palavra de ordem | Literatura Portuguesa |
| ID Autoridade | 6 |
| 675 ## - CDU | |
| Notação | 821.134.3-3 |
| Edição | PT |
| Língua | por |
| 700 ## - Autor principal (pessoa individual) | |
| ID Autoridade | 3666 |
| Apelido | Carmelo |
| Nome | Luís |
| Datas | 1954-2023 |
| 801 ## - Fonte de origem | |
| País | PT |
| Agência | BMMN |
| Regras de catalogação | RPC |
| 830 ## - Notas gerais do catalogador | |
| Criado por | Ana Falardo |
| Indexado por | Ana Falardo |
| 990 ## - Elementos KOHA | |
| Tipo de documento | Livro |
| Situação do levantamento | Biblioteca de origem | Código de barras | Cota | Permissão de empréstimo | Tipo de documento | Nota relativa ao exemplar | Forma de aquisição |
|---|---|---|---|---|---|---|---|
| Biblioteca Municipal de Montemor-o-Novo | 30743 | 821.134.3-3 CAR|SAF | Livro | Acesso Condicionado | Oferta |